| 000 | 01630nam a2200397Ia 4500 | ||
|---|---|---|---|
| 001 | ebr10639327 | ||
| 003 | CaPaEBR | ||
| 006 | m u | ||
| 007 | cr cn||||||||| | ||
| 008 | 120927s2013 dcua sb 000 0 eng d | ||
| 010 | _z 2012035605 | ||
| 020 | _z9780821396698 (alk. paper) | ||
| 020 | _z9780821396704 | ||
| 040 |
_aCaPaEBR _cCaPaEBR |
||
| 035 | _a(OCoLC)836700315 | ||
| 043 |
_ama----- _aaw----- |
||
| 050 | 1 | 4 |
_aHF1610 _b.F76 2012eb |
| 100 | 1 | _aChauffour, Jean-Pierre. | |
| 245 | 1 | 0 |
_aFrom political to economic awakening in the Arab world _h[electronic resource] : _bthe path of economic integration / _cJean-Pierre Chauffour. |
| 260 |
_aWashington, DC : _bWorld Bank, _cc2013. |
||
| 300 |
_axix, 318 p. : _bcol. ill. |
||
| 490 | 0 | _aMENA development reports | |
| 500 | _a"A Trade and Foreign Direct Investment Report for the Deauville Partnership." | ||
| 504 | _aIncludes bibliographical references. | ||
| 533 |
_aElectronic reproduction. _bPalo Alto, Calif. : _cebrary, _d2013. _nAvailable via World Wide Web. _nAccess may be limited to ebrary affiliated libraries. |
||
| 650 | 0 |
_aInvestments, Foreign _zArab countries. |
|
| 651 | 0 |
_aArab countries _xForeign economic relations. |
|
| 651 | 0 |
_aArab countries _xCommercial policy. |
|
| 651 | 0 |
_aArab countries _xCommerce. |
|
| 651 | 0 |
_aMiddle East _xEconomic integration. |
|
| 651 | 0 |
_aMiddle East _xEconomic policy. |
|
| 655 | 7 |
_aElectronic books. _2local |
|
| 710 | 2 | _aWorld Bank. | |
| 710 | 2 | _aebrary, Inc. | |
| 856 | 4 | 0 |
_uhttp://site.ebrary.com/lib/rucke/Doc?id=10639327 _zAn electronic book accessible through the World Wide Web; click to view |
| 999 |
_c49453 _d49453 |
||